| 000 | 00412nam a22001817a 4500 | ||
|---|---|---|---|
| 003 | SGT | ||
| 020 | _a9789358428612 | ||
| 082 |
_a617.69 _bO23N |
||
| 100 | _aNischal , Kunal | ||
| 245 | _aOcclusion in Prosthodontics | ||
| 250 | _a1st | ||
| 260 |
_aLucknow, India _bBook Rivers _c2023 |
||
| 300 | _a229 | ||
| 650 | _aProsthodontics | ||
| 653 | _aOcclusion | ||
| 700 | _aChowdhary, Ramesh | ||
| 942 |
_2ddc _cBK |
||
| 999 |
_c26774 _d26774 |
||